Catholic University of Zimbabwe Library
Online Public Access Catalogue
(OPAC)

Chinese Surplus (Record no. 25204)

MARC details
000 -LEADER
fixed length control field 02481cam a22005414a 4500
001 - CONTROL NUMBER
control field muse73572
003 - CONTROL NUMBER IDENTIFIER
control field MdBmJHUP
005 - DATE AND TIME OF LATEST TRANSACTION
control field 20210127151250.0
006 - FIXED-LENGTH DATA ELEMENTS--ADDITIONAL MATERIAL CHARACTERISTICS
fixed length control field m o d
007 - PHYSICAL DESCRIPTION FIXED FIELD--GENERAL INFORMATION
fixed length control field cr||||||||nn|n
008 - FIXED-LENGTH DATA ELEMENTS--GENERAL INFORMATION
fixed length control field 170906s2018 ncu o 00 0 eng d
010 ## - LIBRARY OF CONGRESS CONTROL NUMBER
Canceled/invalid LC control number 2017035989
020 ## - INTERNATIONAL STANDARD BOOK NUMBER
International Standard Book Number 9780822372042
020 ## - INTERNATIONAL STANDARD BOOK NUMBER
Canceled/invalid ISBN 9780822370413 (hardcover : alk. paper)
020 ## - INTERNATIONAL STANDARD BOOK NUMBER
Canceled/invalid ISBN 9780822370536 (pbk. : alk. paper)
035 ## - SYSTEM CONTROL NUMBER
System control number (OCoLC)1103705365
040 ## - CATALOGING SOURCE
Original cataloging agency MdBmJHUP
Transcribing agency MdBmJHUP
043 ## - GEOGRAPHIC AREA CODE
Geographic area code a-cc---
050 04 - LIBRARY OF CONGRESS CALL NUMBER
Classification number B105.B64
Item number H456 2018
082 0# - DEWEY DECIMAL CLASSIFICATION NUMBER
Classification number 128/.60951
Edition number 23
100 1# - MAIN ENTRY--PERSONAL NAME
Personal name Heinrich, Ari Larissa,
Relator term author.
245 10 - TITLE STATEMENT
Title Chinese Surplus
Remainder of title Biopolitical Aesthetics and the Medically Commodified Body /
Statement of responsibility, etc. Ari Larissa Heinrich.
264 #1 - PRODUCTION, PUBLICATION, DISTRIBUTION, MANUFACTURE, AND COPYRIGHT NOTICE
Name of producer, publisher, distributor, manufacturer Duke University Press,
264 #3 - PRODUCTION, PUBLICATION, DISTRIBUTION, MANUFACTURE, AND COPYRIGHT NOTICE
Name of producer, publisher, distributor, manufacturer Project MUSE,
300 ## - PHYSICAL DESCRIPTION
Extent 1 online resource (xi, 246 pages) :
Other physical details illustrations ;
490 0# - SERIES STATEMENT
Series statement Perverse modernities
504 ## - BIBLIOGRAPHY, ETC. NOTE
Bibliography, etc. note Includes bibliographical references and index.
505 0# - FORMATTED CONTENTS NOTE
Formatted contents note Biopolitical aesthetics and the Chinese body as surplus -- Chinese whispers: Frankenstein, the sleeping lion, and the emergence of a biopolitical aesthetics -- Souvenirs of the organ trade: the diasporic body in contemporary Chinese literature and art -- Organ economics: transplant, class, and witness from made in Hong Kong to the eye -- Still life: recovering (Chinese) ethnicity in the body worlds and beyond -- All rights preserved: intellectual property and the plastinated cadaver exhibits.
506 0# - RESTRICTIONS ON ACCESS NOTE
Terms governing access Open Access
Standardized terminology for access restriction Unrestricted online access
Source of term star
588 ## - SOURCE OF DESCRIPTION NOTE
Source of description note Description based on print version record.
650 #0 - SUBJECT ADDED ENTRY--TOPICAL TERM
Topical term or geographic name entry element Biopolitics
Geographic subdivision China.
650 #0 - SUBJECT ADDED ENTRY--TOPICAL TERM
Topical term or geographic name entry element Human figure in art.
650 #0 - SUBJECT ADDED ENTRY--TOPICAL TERM
Topical term or geographic name entry element Medicine in art.
650 #0 - SUBJECT ADDED ENTRY--TOPICAL TERM
Topical term or geographic name entry element Aesthetics, Modern
Chronological subdivision 21st century.
650 #0 - SUBJECT ADDED ENTRY--TOPICAL TERM
Topical term or geographic name entry element Aesthetics
General subdivision Political aspects
Geographic subdivision China.
650 #0 - SUBJECT ADDED ENTRY--TOPICAL TERM
Topical term or geographic name entry element Human body
Geographic subdivision China.
650 #0 - SUBJECT ADDED ENTRY--TOPICAL TERM
Topical term or geographic name entry element Human body (Philosophy)
Geographic subdivision China.
655 #7 - INDEX TERM--GENRE/FORM
Genre/form data or focus term Electronic books.
Source of term local
776 18 - ADDITIONAL PHYSICAL FORM ENTRY
Relationship information Online version:
Title Chinese surplus
Place, publisher, and date of publication Durham : Duke University Press, 2018
International Standard Book Number 9780822372042
Record control number (DLC) 2017044095
710 2# - ADDED ENTRY--CORPORATE NAME
Corporate name or jurisdiction name as entry element Project Muse.
Relator term distributor
830 #0 - SERIES ADDED ENTRY--UNIFORM TITLE
Uniform title Perverse modernities.
830 #0 - SERIES ADDED ENTRY--UNIFORM TITLE
Uniform title Book collections on Project MUSE.
856 40 - ELECTRONIC LOCATION AND ACCESS
Public note Full text available:
Uniform Resource Identifier <a href="https://muse.jhu.edu/book/64078/">https://muse.jhu.edu/book/64078/</a>
Holdings
Withdrawn status Lost status Source of classification or shelving scheme Damaged status Not for loan Home library Current library Shelving location Date acquired Total Checkouts Full call number Date last seen Uniform Resource Identifier Price effective from Koha item type
          Digital Library Digital Library Online Access 27.01.2021   B105.B64 H456 2018 27.01.2021 https://muse.jhu.edu/book/64078/ 27.01.2021 eBook

OPENING HOURS

Weekdays: 0815hrs - 1800hrs
Weekends:0900hrs - 1200hrs

Closed for Mass:

Mon, Thur: 1200hrs - 1300hrs
Sunday & Public Holiday’s

CALL SUPPORT

0242-570570, 0242-570169
09200664, +263 8644140602

LOCATION

18443, Cranborne Avenue, Hatfield, Harare

Other Links


©2021 | CUZ Library